Đặc điểm nghệ thuật tiêu biểu của Phú Đức

Chương 1: Phú Đức và tiểu thuyết nam bộ những năm đầu thế kỷ XX ...Chương 2: Tiểu thuyết Phú Đức nhìn từ khả năng chiếm lĩnh đời sống...Chương 3: Tiểu thuyết Phú Đức nhìn từ phương thức thể hiện..

Saved in:
Bibliographic Details
Main Author: Trần Thị Huệ
Other Authors: Tôn Thất Dụng Người hướng dẫn khoa học (TS)
Format: Book
Language:Vietnamese
Published: Đà Nẵng Đại học Đà Nẵng 2011
Subjects:
Tags: Add Tag
No Tags, Be the first to tag this record!
Institutions: Mạng thư viện Đại học Đà Nẵng
LEADER 01588nam a2200337 4500
001 000010606
003 6812
005 20111216151206.0
008 111215s2011 viesd
041 |a vie 
072 |a Luận văn thạc sĩ khoa học xã hội và nhân văn 
082 |a 895.9221  |b TR-H 
100 1 |a Trần Thị Huệ 
245 1 |a Đặc điểm nghệ thuật tiêu biểu của Phú Đức  |c Trần Thị Huệ 
260 |a Đà Nẵng  |b Đại học Đà Nẵng  |c 2011 
300 |a 97 tr  |c 29 cm  |e Bản tóm tất, đĩa CD 
500 |a Luận văn thạc sĩ khoa học xã hội và nhân văn: Chuyên ngành:Văn học Việt Nam. Mã số: 60.22.34 
520 |a Chương 1: Phú Đức và tiểu thuyết nam bộ những năm đầu thế kỷ XX ...Chương 2: Tiểu thuyết Phú Đức nhìn từ khả năng chiếm lĩnh đời sống...Chương 3: Tiểu thuyết Phú Đức nhìn từ phương thức thể hiện.. 
653 |a Phú Đức 
653 |a Nghệ thuật tiểu thuyết 
700 |a Tôn Thất Dụng  |c Người hướng dẫn khoa học  |e TS 
OWN |a LSP 
AVA |a UDN50  |b LSP  |d 895.9221 TR-H  |e available  |t Error 5001 Not defined in file expand_doc_bib_avail.  |f 1  |g 0  |h N  |i 0  |k 1 
999 |a From the UDN01 
AVA |a UDN50  |b LSP  |d 895.9221 TR-H  |e available  |t Error 5001 Not defined in file expand_doc_bib_avail.  |f 1  |g 0  |h N  |i 0  |k 1 
TYP |a Monograph 
TYP |a Printed language 
980 |a Mạng thư viện Đại học Đà Nẵng